000 nam a22 a 4500
999 _c120006
_d120006
003 BLK
005 20220616131307.0
008 180409b bul|||||r ||||||| ||bul||
010 _aKNG00125622000
040 _aBLK
041 _aBUL
_cBUL
080 _aСпорт. Физическа култура
_b796/799
_x:159.9
_z796/799:159.9
139 _aАктуални проблеми на психологията на спорта
_bА 45
245 1 0 _aАктуални проблеми на психологията на спорта
_bСб. от статии на бълг. и чужди авт.
_cпод общ. ред. на Ема Герон.
257 _aBGR
260 _aСофия
_bМедицина и физкултура
_c1968
300 _a415 с.
_bс ил.
_c20 см
380 _a79
500 _aРез. на фр., англ. ез.
504 _aБиблиогр. след отд. статии
650 4 _aСпорт - психология
_9262226
653 _aспорт
653 _aпсихология
700 1 _aГерон, Ема
_eпод общ. ред. на
_9376828
852 _aЦб 47275
_bЦб
942 _cKNG
_n0
_s1
944 _aCR
_c09.09.2011
_l09.09.2011 - от С1,Р / 09.09.2011
_kКети_Илиева
944 _aED
_c2022-06-16
_kГГГ